000 01519cam a22003974a 4500
001 16062681
003 OSt
005 20260416073116.0
008 100121s2009 enka b 001 0 eng d
010 _a 2010285503
020 _a9781853396878
020 _a1853396877
035 _a16062681
035 _a(OCoLC)320189442
040 _aBTCTA
_cBTCTA
_dBWK
_dDGU
_dOCLCQ
_dDLC
042 _alccopycat
043 _ad------
050 0 0 _aHD1251
_b.U53 2009
082 0 0 _a333.3
_222
245 0 0 _aUncharted territory :
_bland, conflict and humanitarian action /
_cedited by Sara Pantuliano.
260 _aRugby :
_bPractical Action Publishing,
_c2009.
300 _axvi, 224 p. :
_bill. ;
_c24 cm.
336 _atext
_btxt
_2rdacontent
337 _aunmediated
_bn
_2rdamedia
338 _avolume
_bnc
_2rdacarrier
504 _aIncludes bibliographical references and index.
650 0 _aLand tenure
_xPolitical aspects
_zDeveloping countries.
700 1 _aPantuliano, Sara.
856 4 2 _3Contributor biographical information
_uhttp://www.loc.gov/catdir/enhancements/fy1116/2010285503-b.html
856 4 2 _3Publisher description
_uhttp://www.loc.gov/catdir/enhancements/fy1116/2010285503-d.html
856 4 1 _3Table of contents only
_uhttp://www.loc.gov/catdir/enhancements/fy1116/2010285503-t.html
906 _a7
_bcbc
_ccopycat
_d2
_encip
_f20
_gy-gencatlg
942 _2lcc
_cBK
_n0
999 _c23694
_d23693